00661nam a22002057a 450000500170000000800410001702000180005805000210007610000390009724500720013625000190020826000320022730000230025933600100028233700140029233800140030650000630032050400390038365000330042220231102151817.0150423b19882010mx ||||fr|||||||1|| spa d a978607090471404aHV6493bR63 20101 aRodríguez Manzanera, Luiseautor10aVictimologíab:estudio de la víctimac/Luis Rodríguez Mancera a12a. edición3 aMéxicob :Porrúac,2010 aXII, 547 páginas atexto asin medio avolúmen aEducación mixta Lic. Derecho/ Sustitución /(13 002471) acontiene bibliografía p. 511-53010xVICTIMAS DE DELITOzMÉXICO